| 000 | 00540nam a22001457a 4500 | ||
|---|---|---|---|
| 020 | _a978014342758 | ||
| 082 |
_a823 _bMUR/S |
||
| 100 | _aMURTY, SUDHA | ||
| 245 |
_aTHE SERPENT'S REVENGE _bUNUSUAL TALES FROM THE MAHABHARATA |
||
| 260 |
_aGURGAON _bPENGUIN RANDOM HOUSE _c2016 |
||
| 300 | _a182 | ||
| 520 | _aIt starts with the story of Shakuntala, events that lead up to the Mahabharata war, then goes to the stories of people in the war and ends with the stories of the descendants of the Pandavas. | ||
| 650 |
_aNOVEL _zINDIA |
||
| 942 | _cBK | ||
| 999 |
_c3543 _d3543 |
||